[Event "BUL-chT rapid 70th"]
[Site "Primorsko"]
[Date "2020.09.08"]
[Round "2.2"]
[White "Ninov, Ventsislav"]
[Black "Yordanov, Lachezar"]
[Result "1-0"]
[WhiteElo "2311"]
[BlackElo "2311"]
[PlyCount "174"]
[EventDate "2020.09.08"]
[EventType "team-tourn (rapid)"]
[EventRounds "7"]
[EventCountry "BUL"]
[SourceTitle "CBM 198 Extra"]
[Source "ChessBase"]
[SourceDate "2020.11.30"]
[SourceVersion "1"]
[SourceVersionDate "2020.11.30"]
[SourceQuality "1"]
[WhiteTeam "Lovech"]
[BlackTeam "Pazardzhik"]
[WhiteTeamCountry "BUL"]
[BlackTeamCountry "BUL"]

1. e4 c5 2. Nf3 Nc6 3. c3 Nf6 4. e5 Nd5 5. Bc4 Nb6 6. Bb3 d5 7. exd6 Qxd6 8. d4 cxd4 9. cxd4 e6 10. 0-0 Be7 11. Nc3 0-0 12. Re1 Nb4 13. Ne5 N4d5 14. Ne4 Qd8 15. Qh5 Nf6 16. Nxf6+ Bxf6 17. Be3 Nd5 18. Rad1 b6 19. Ng4 Be7 20. Bc2 g6 21. Qe5 f6 22. Qg3 Qc7 23. Qxc7 Nxc7 24. Bb3 Nd5 25. Bh6 Rf7 26. Bxd5 exd5 27. Nxf6+ Rxf6 28. Rxe7 Re6 29. Rg7+ Kh8 30. Rf7 Re8 31. h3 Be6 32. Rc7 Rec8 33. Rdc1 a5 34. Bg7+ Kg8 35. Be5 Rxc7 36. Rxc7 Rc8 37. Rxc8+ Bxc8 38. Bc7 b5 39. Bxa5 Bf5 40. f3 Bb1 41. a3 Kf7 42. Kf2 Bd3 43. g4 h5 44. Ke3 Bf1 45. h4 Ke6 46. Kf4 Be2 47. Bc7 Bd1 48. Be5 Be2 49. Bc7 Bd1 50. Ba5 Be2 51. Bd2 Bd1 52. Kg3 Be2 53. Kf2 Bd1 54. Bg5 Kd7 55. Kg3 Ke6 56. Kf4 Be2 57. Bd8 Bd1 58. Ba5 Be2 59. Bd2 Bd1 60. gxh5 gxh5 61. Ke3 Kf5 62. Ba5 Ke6 63. Bc7 Kf5 64. Be5 Ke6 65. Bc7 Kf5 66. Bd8 Ke6 67. f4 Bg4 68. Kd3 Kd7 69. Bg5 Kc6 70. Kc3 Bf5 71. Kb4 Bc2 72. b3 Bf5 73. Be7 Bc2 74. a4 bxa4 75. bxa4 Bf5 76. a5 Bd3 77. Bd8 Kd7 78. Kc5 Kxd8 79. Kxd5 Kd7 80. Ke5 Ke7 81. f5 Bc4 82. d5 Bb5 83. f6+ Kf8 84. d6 Ke8 85. Kf5 Kf7 86. a6 Bxa6 87. d7 Bc8 1-0

[Event "BUL-chT-B 60th"]
[Site "Albena"]
[Date "2010.05.28"]
[Round "3.2"]
[White "Ninov, Ventsislav"]
[Black "Tetimov, Ivan"]
[Result "1-0"]
[WhiteElo "2264"]
[BlackElo "1974"]
[PlyCount "75"]
[EventDate "2010.05.27"]
[EventType "team-tourn"]
[EventRounds "9"]
[EventCountry "BUL"]
[SourceTitle "CBM 136 Extra"]
[Source "ChessBase"]
[SourceDate "2010.07.02"]
[SourceVersion "2"]
[SourceVersionDate "2010.07.15"]
[SourceQuality "1"]
[WhiteTeam "Lovetch"]
[BlackTeam "Blagoevgrad Victory"]
[WhiteTeamCountry "BUL"]
[BlackTeamCountry "BUL"]

1. e4 Nf6 2. e5 Nd5 3. d4 d6 4. Nf3 dxe5 5. Nxe5 g6 6. Be2 Bg7 7. c4 Nb6 8. 0-0 0-0 9. Nc3 c6 10. Be3 N8d7 11. f4 f6 12. Nf3 e6 13. a4 a5 14. Qb3 Qe7 15. Ne4 f5 16. Nf2 Re8 17. Nd3 Rb8 18. Bd2 Ra8 19. Rad1 Ra6 20. Rfe1 Na8 21. Nde5 Nc7 22. Nxd7 Qxd7 23. Ne5 Qe7 24. Qe3 Rd8 25. Bc3 Ra8 26. Bf3 Bd7 27. Qd2 Bxe5 28. Rxe5 b6 29. Qe3 Qd6 30. c5 bxc5 31. dxc5 Qf8 32. Qd4 Qf6 33. Qf2 Qf8 34. Qd4 Qf6 35. Qd6 Ne8 36. Qd2 Nc7 37. Ree1 e5 38. Bxe5 1-0

[Event "BUL-chT-B Group qual A"]
[Site "Sofia"]
[Date "2010.02.20"]
[Round "2.2"]
[White "Bochev, Krasimir"]
[Black "Ninov, Ventsislav"]
[Result "0-1"]
[WhiteElo "2133"]
[BlackElo "2272"]
[PlyCount "98"]
[EventDate "2010.02.19"]
[EventType "team-tourn"]
[EventRounds "4"]
[EventCountry "BUL"]
[SourceTitle "CBM 135 Extra"]
[Source "ChessBase"]
[SourceDate "2010.05.04"]
[SourceVersion "1"]
[SourceVersionDate "2010.05.04"]
[SourceQuality "1"]
[WhiteTeam "Vratsa"]
[BlackTeam "Lovech"]
[WhiteTeamCountry "BUL"]
[BlackTeamCountry "BUL"]

1. Nf3 Nf6 2. c4 c6 3. d4 d5 4. Qc2 g6 5. Bf4 Bf5 6. Qb3 Qb6 7. e3 Bg7 8. Nc3 0-0 9. c5 Qxb3 10. axb3 Nbd7 11. h3 Ne4 12. b4 b6 13. Ra3 a5 14. bxa5 bxc5 15. Be2 f6 16. Nxe4 Bxe4 17. 0-0 e5 18. dxe5 fxe5 19. Bg3 Rfb8 20. b3 Bf5 21. Nd2 Rb4 22. f3 Bh6 23. Bf2 Ra7 24. Rd1 e4 25. fxe4 Bxe4 26. Nxe4 Rxe4 27. Bd3 Re8 28. Re1 Ne5 29. Bf1 Bf8 30. Ra2 Rb8 31. e4 d4 32. Bg3 Bd6 33. Bxe5 Bxe5 34. Bc4+ Kg7 35. a6 Bf4 36. Kh1 d3 37. Bxd3 Rxb3 38. Bc4 Rc3 39. Ra4 Kf6 40. Kg1 Ke5 41. Kh1 Bg3 42. Rd1 Re3 43. Bd3 Rf7 44. Kg1 Bf2+ 45. Kh1 Ra7 46. Ra2 Bg3 47. Ra4 h5 48. Rc4 Rxa6 49. Rxc5+ Kd6 0-1

[Event "BUL-chT 54th"]
[Site "Plovdiv"]
[Date "2004.11.20"]
[Round "1.1"]
[White "Ninov, Ventsislav"]
[Black "Georgiev, Veselin"]
[Result "1-0"]
[WhiteElo "2228"]
[BlackElo "2347"]
[PlyCount "94"]
[EventDate "2004.11.20"]
[EventType "team-swiss"]
[EventRounds "7"]
[EventCountry "BUL"]
[SourceTitle "EXT 2006"]
[Source "ChessBase"]
[SourceDate "2005.11.24"]
[SourceVersion "1"]
[SourceVersionDate "2005.11.24"]
[SourceQuality "1"]
[WhiteTeam "Lovech Progres"]
[BlackTeam "Sofia CSKA"]
[WhiteTeamCountry "BUL"]
[BlackTeamCountry "BUL"]

1. e4 e5 2. f4 exf4 3. Nf3 Be7 4. Bc4 Nf6 5. e5 Ng4 6. d4 d5 7. exd6 Bxd6 8. Qe2+ Kf8 9. 0-0 Nc6 10. Nc3 g5 11. Ne4 Be7 12. c3 f5 13. Nexg5 Bxg5 14. Nxg5 Qxg5 15. Bxf4 Qg7 16. Rae1 Nf6 17. Qd2 h5 18. b4 Rh7 19. d5 Nd8 20. d6 Nf7 21. dxc7 Bd7 22. Bd6+ Kg8 23. Be5 Qh6 24. Qd6 Bb5 25. Qd8+ Qf8 26. Qxf8+ Rxf8 27. Bxb5 Nxe5 28. Rxe5 Rxc7 29. Rexf5 Kg7 30. R1f3 a6 31. Ba4 b5 32. Bb3 Rc6 33. Rg5+ Kh6 34. Rgf5 Kg7 35. a4 Re8 36. axb5 axb5 37. h3 Rd6 38. Rg5+ Kh6 39. Rxb5 Re2 40. Rbf5 Ne4 41. Bd5 Re1+ 42. Kh2 Nd2 43. Rf2 Rd1 44. c4 h4 45. b5 Kg6 46. c5 Rd8 47. c6 Ra8 1-0